Introduction to tire engineering: Development lecture series, Feb 20, 1961 (Record no. 31221)

MARC details
000 -LEADER
fixed length control field 00356nam a2200121Ia 4500
082 ## - DEWEY DECIMAL CLASSIFICATION NUMBER
Classification number 678.065:62
Item number INT
245 #0 - TITLE STATEMENT
Title Introduction to tire engineering: Development lecture series, Feb 20, 1961
260 ## - PUBLICATION, DISTRIBUTION, ETC. (IMPRINT)
Place of publication Akron
Name of publisher University of Akron
Year of publication 1961
650 ## - SUBJECT ADDED ENTRY--TOPICAL TERM
Topical Term Tire design
650 ## - SUBJECT ADDED ENTRY--TOPICAL TERM
Topical Term Tire testing
942 ## - ADDED ENTRY ELEMENTS (KOHA)
Koha item type Books
Holdings
Withdrawn status Lost status Damaged status Not for loan Home library Current library Date acquired Cost, normal purchase price Full call number Accession Number Koha item type
        RRII Library RRII Library 16/12/2021 215.00 678.065:62 INT 11772 Books